Multivariate analysis (Record no. 18539)
[ view plain ]
| 000 -LEADER | |
|---|---|
| fixed length control field | 00505nam a22001817a 4500 |
| 008 - FIXED-LENGTH DATA ELEMENTS--GENERAL INFORMATION | |
| fixed length control field | 200928b xxu||||| |||| 00| 0 eng d |
| 020 ## - INTERNATIONAL STANDARD BOOK NUMBER | |
| International Standard Book Number | 1473756540 |
| 050 ## - LIBRARY OF CONGRESS CALL NUMBER | |
| Classification number | QA278 |
| Item number | .M85 2019 c.1 |
| 245 ## - TITLE STATEMENT | |
| Title | Multivariate analysis |
| Statement of responsibility, etc. | Hair, Joseph F. [Et... al.]. |
| 250 ## - EDITION STATEMENT | |
| Edition statement | 8th ed. |
| 260 ## - PUBLICATION, DISTRIBUTION, ETC. (IMPRINT) | |
| Place of publication, distribution, etc. | Australia |
| Name of publisher, distributor, etc. | Cengage learning |
| Date of publication, distribution, etc. | 2019 |
| 300 ## - PHYSICAL DESCRIPTION | |
| Extent | xvii, 813p. |
| 650 ## - SUBJECT ADDED ENTRY--TOPICAL TERM | |
| Topical term or geographic name as entry element | Multivariate analysis |
| 700 ## - ADDED ENTRY--PERSONAL NAME | |
| Personal name | William C. Black |
| 700 ## - ADDED ENTRY--PERSONAL NAME | |
| Personal name | Barry J. Babin |
| 700 ## - ADDED ENTRY--PERSONAL NAME | |
| Personal name | Rolph E. Anderson |
| 942 ## - ADDED ENTRY ELEMENTS (KOHA) | |
| Source of classification or shelving scheme | Library of Congress Classification |
| Koha item type | General Collection |
| Withdrawn status | Lost status | Source of classification or shelving scheme | Not for loan | Home library | Current library | Date acquired | Cost, normal purchase price | Total Checkouts | Full call number | Barcode | Date last seen | Price effective from | Koha item type |
|---|---|---|---|---|---|---|---|---|---|---|---|---|---|
| Library of Congress Classification | Kabarak, Main Campus | Kabarak, Main Campus | 28/09/2020 | 4983.00 | QA278 .M85 2019 c.1 | 030393 | 28/09/2020 | 28/09/2020 | General Collection | ||||
| Library of Congress Classification | Kabarak, Main Campus | Kabarak, Main Campus | 28/09/2020 | 4983.00 | QA278 .M85 2019 c.2 | 030394 | 28/09/2020 | 28/09/2020 | General Collection | ||||
| Library of Congress Classification | Kabarak, Nakuru City Campus | Kabarak, Nakuru City Campus | 28/09/2020 | 4983.00 | QA278 .M85 2019 c.1 | 030395 | 28/09/2020 | 28/09/2020 | General Collection |